Das Österreich-Buch (Record no. 6387)

MARC details
000 -CABECERA
campo de control de longitud fija 00580nam a2200205 a 4500
001 - NÚMERO DE CONTROL
campo de control BRCA_6704
005 - FECHA Y HORA DE LA ÚLTIMA TRANSACCIÓN
campo de control 20190320205548.0
008 - DATOS DE LONGITUD FIJA--INFORMACIÓN GENERAL
campo de control de longitud fija 181011s1948----au-ab#####---#000-0#ger-#
041 ## - CÓDIGO DE LENGUA
Código de lengua del texto/banda sonora o título independiente ger
044 ## - CÓDIGO DEL PAÍS DE LA ENTIDAD EDITORA/PRODUCTORA
Código MARC del país au
245 10 - MENCIÓN DE TÍTULO
Título Das Österreich-Buch
Resto del título herausgegeben Ernst Marboe
260 ## - PUBLICACIÓN, DISTRIBUCIÓN, ETC.
Lugar de publicación, distribución, etc. Viena
Nombre del editor, distribuidor, etc. Osterreichen Staatsdruckerei
Fecha de publicación, distribución, etc. 1948
300 ## - DESCRIPCIÓN FÍSICA
Extensión xiii, xviii-xxxi, 544 p.
Otras características físicas il., mapas
Dimensiones 20 cm.
500 ## - NOTA GENERAL
Nota general Con dedicatoria a Franz Mayer
500 ## - NOTA GENERAL
Nota general I85
651 #4 - PUNTO DE ACCESO ADICIONAL DE MATERIA--NOMBRE GEOGRÁFICO
Nombre geográfico Austria
Subdivisión general Civilización
9 (RLIN) 16759
700 1# - PUNTO DE ACCESO ADICIONAL--NOMBRE DE PERSONA
Nombre de persona Marboe, Ernst
Término indicativo de función/relación Editor
9 (RLIN) 16760
902 ## - CATALOGADOR
Iniciales GFM
942 ## - ELEMENTOS DE PUNTO DE ACCESO ADICIONAL (KOHA)
Fuente del sistema de clasificación o colocación Library of Congress Classification
Tipo de ítem Koha Libros
Holdings
Estado de retiro Estado de pérdida Estado dañado No para préstamo Localización permanente Ubicación/localización actual Fecha de adquisición Número de inventario Total de préstamos Signatura topográfica completa Código de barras Fecha visto por última vez Precio válido a partir de Tipo de ítem Koha
El ejemplar forma parte de la colección y puede ser consultado según las políticas vigentes.       Biblioteca del Museo Franz Mayer (Rogerio Casas-Alatriste) Biblioteca del Museo Franz Mayer (Rogerio Casas-Alatriste) 18/10/2011 I85   (I85) 7151 22/03/2019 22/03/2019 Libros